000 00659nam a2200217 a 4500
001 69005
003 BD-RjUL
005 20211209081835.0
008 970218s1996 dr a 000 0 spa
035 _a(BD-RjUL)69216
040 _aDLC
_cDLC
_dDLC
_beng
041 _aeng
082 _223
_a909.82
_bSAT 1996
100 1 _aReyes Sánchez, Miguel,
_d1966-
_9204449
245 1 0 _aTravesías de un navegante /
_cMiguel Reyes Sánchez.
260 _aSanto Domingo :
_bImpr. del Banco Central de la Rep. Dominicana,
_c1996
300 _a184 p. :
_bill. ;
_c23 cm.
650 _aHistory, Modern
_9204450
650 _aCivilization, Western
_9204451
942 _2ddc
_cBK
999 _c69005
_d69005